[Event "X Torneo Internazionale"]
[Site "Venezia ITA"]
[Date "1971.10.??"]
[Round "8"]
[White "Damjanovic, Mato"]
[Black "Bobotsov, Milko Georgiev"]
[Result "1/2-1/2"]
[WhiteElo "2490"]
[BlackElo "2485"]
[PlyCount "95"]
[EventDate "1971.10.26"]

1. e4 c5 2. Nf3 Nc6 3. Bb5 g6 4. O-O Bg7 5. c3 e5 6. Bxc6 dxc6 7. d3 Ne7 8. Na3
O-O 9. h3 Qc7 10. Qe2 b6 11. Nc2 Ba6 12. Rd1 Rad8 13. c4 Bc8 14. Bd2 h6 15. a3
g5 16. b4 cxb4 17. axb4 Ng6 18. Ra3 f5 19. Rda1 a6 20. Nce1 Nf4 21. Bxf4 exf4
22. R1a2 Rfe8 23. Nd2 Qe7 24. Nc2 g4 25. hxg4 fxg4 26. Nf1 Qg5 27. c5 bxc5 28.
Ra5 f3 29. Qe1 fxg2 30. Ng3 Rxd3 31. Rxc5 Qf4 32. Rxc6 Qf3 33. Ne3 Red8 34. Rc1
Bd4 35. Re2 Ba7 36. b5 axb5 37. Qa5 Bxe3 38. Rxe3 Rd1+ 39. Rxd1 Rxd1+ 40. Re1
Rxe1+ 41. Qxe1 Be6 42. Qd2 Qf8 43. Qd4 b4 44. Qe5 Qf7 45. Qb8+ Qf8 46. Qe5 Qf7
47. Qb8+ Qf8 48. Qe5 1/2-1/2

[Event "X Torneo Internazionale"]
[Site "Venezia ITA"]
[Date "1971.10.??"]
[Round "8"]
[White "Hort, Vlastimil"]
[Black "Cosulich, Roberto"]
[Result "1/2-1/2"]
[WhiteElo "2605"]
[BlackElo "2380"]
[PlyCount "38"]
[EventDate "1971.10.26"]

1. c4 e5 2. Nc3 Nf6 3. g3 Bb4 4. Bg2 O-O 5. e4 Bxc3 6. bxc3 c6 7. Qb3 b6 8. Ne2
Bb7 9. d4 d5 10. cxd5 cxd5 11. dxe5 Nxe4 12. Ba3 Re8 13. f3 Ng5 14. f4 Ne4 15.
Rd1 Qc8 16. Rxd5 Bxd5 17. Qxd5 Nxc3 18. Qxa8 Nxe2 19. Bd6 Qc1+ 1/2-1/2

[Event "X Torneo Internazionale"]
[Site "Venezia ITA"]
[Date "1971.10.??"]
[Round "8"]
[White "Kavalek, Lubomir"]
[Black "Tatai, Stefano"]
[Result "0-1"]
[WhiteElo "2550"]
[BlackElo "2440"]
[PlyCount "80"]
[EventDate "1971.10.26"]

1. Nf3 c5 2. b3 d5 3. c4 d4 4. g3 Nc6 5. Bg2 Nf6 6. O-O g6 7. d3 Bg7 8. Na3 O-O
9. Nc2 Re8 10. Rb1 a5 11. a3 Ra7 12. b4 b6 13. Bd2 e5 14. Ng5 Bd7 15. bxc5 bxc5
16. Rb2 Qc7 17. Qa1 Nd8 18. Rfb1 h6 19. Ne4 Nh5 20. Rb6 Kh7 21. Qb2 Bc6 22. f3
Ne6 23. Rb8 f5 24. Rxe8 Bxe8 25. Nf2 Bc6 26. Qb8 Qd7 27. Ne1 Bf8 28. f4 Bxg2
29. Nxg2 Bd6 30. Qb5 exf4 31. gxf4 Qc7 32. Nh3 Nhxf4 33. Nhxf4 Nxf4 34. Bxf4
Bxf4 35. Nxf4 Qxf4 36. Qe8 Qg5+ 37. Kf1 Re7 38. Qb8 Qe3 39. Rb2 f4 40. Qf8 f3
0-1

[Event "X Torneo Internazionale"]
[Site "Venezia ITA"]
[Date "1971.10.??"]
[Round "8"]
[White "Radulov, Ivan G."]
[Black "Zichichi, Alvise"]
[Result "1-0"]
[WhiteElo "2485"]
[BlackElo "2350"]
[PlyCount "57"]
[EventDate "1971.10.26"]

1. e4 c5 2. Nf3 e6 3. d4 cxd4 4. Nxd4 a6 5. Nc3 Qc7 6. Bd3 Nc6 7. Be3 Nf6 8.
O-O Ne5 9. h3 b5 10. Qe2 Bb7 11. f4 Nc4 12. Ndxb5 axb5 13. Nxb5 Qb8 14. Bxc4
Bxe4 15. a4 Be7 16. Bd4 Bb7 17. Bd3 O-O 18. c3 d6 19. b4 g6 20. a5 Nh5 21. Qe3
Qc8 22. Na7 Rxa7 23. Bxa7 Qxc3 24. a6 Bd5 25. Bd4 Qxb4 26. Rfb1 Bb3 27. a7 e5
28. a8=Q exd4 29. Qxe7 1-0

[Event "X Torneo Internazionale"]
[Site "Venezia ITA"]
[Date "1971.10.??"]
[Round "8"]
[White "Westerinen, Heikki M.J."]
[Black "Browne, Walter Shawn"]
[Result "0-1"]
[WhiteElo "2435"]
[BlackElo "2500"]
[PlyCount "78"]
[EventDate "1971.10.26"]

1. e4 c5 2. Nf3 d6 3. Bb5+ Bd7 4. Bxd7+ Qxd7 5. O-O Nc6 6. d4 cxd4 7. Nxd4 Nf6
8. f3 d5 9. Nxc6 Qxc6 10. exd5 Nxd5 11. Qe2 Rc8 12. Na3 e6 13. b3 Bc5+ 14. Kh1
Bd4 15. Rb1 Nc3 16. Qd3 Bf6 17. Ra1 O-O 18. Bb2 Rfd8 19. Qc4 Qxc4 20. Nxc4 b5
21. Na3 a6 22. h3 Be7 23. Rfe1 h6 24. Rec1 Bxa3 25. Bxa3 Ne2 26. Re1 Rxc2 27.
Bb4 Nf4 28. Re4 Nd3 29. Ba5 Nf2+ 30. Kh2 Nxe4 31. Bxd8 Nc3 32. a4 Rb2 33. axb5
axb5 34. Ra8 Rxb3 35. Be7+ Kh7 36. Rf8 Nd5 37. Bd6 Kg6 38. h4 h5 39. g4 Rxf3
0-1

[Event "X Torneo Internazionale"]
[Site "Venezia ITA"]
[Date "1971.10.??"]
[Round "9"]
[White "Bobotsov, Milko Georgiev"]
[Black "Mariotti, Sergio"]
[Result "1/2-1/2"]
[WhiteElo "2485"]
[BlackElo "2450"]
[PlyCount "87"]
[EventDate "1971.10.26"]

1. d4 e6 2. c4 f5 3. Nf3 Nf6 4. g3 Bb4+ 5. Nbd2 a5 6. Bg2 O-O 7. O-O Be7 8. Qc2
d5 9. Ne5 c6 10. Ndf3 Qe8 11. Nd3 h6 12. a4 g5 13. Nfe5 Nfd7 14. Nf3 Qg6 15.
Bd2 Qg7 16. e3 Bd6 17. b4 axb4 18. Bxb4 Bxb4 19. Nxb4 Nf6 20. Ne5 Nfd7 21. Nbd3
Nxe5 22. Nxe5 Nd7 23. Nd3 h5 24. f4 g4 25. a5 Qe7 26. Rfb1 Qd8 27. Qc3 h4 28.
Qb4 h3 29. Bf1 Kf7 30. Nc5 Nxc5 31. Qxc5 Qe7 32. Qb6 Qd7 33. c5 Qd8 34. a6 Qxb6
35. Rxb6 bxa6 36. Rxc6 Rb8 37. Ra2 Rb1 38. Kf2 Re8 39. Rc7+ Kf6 40. Rc2 Rd8 41.
c6 Rb6 42. Ra7 Re8 43. Rc7 Rd8 44. Ra7 1/2-1/2

[Event "X Torneo Internazionale"]
[Site "Venezia ITA"]
[Date "1971.10.??"]
[Round "9"]
[White "Browne, Walter Shawn"]
[Black "Hort, Vlastimil"]
[Result "0-1"]
[WhiteElo "2500"]
[BlackElo "2605"]
[PlyCount "110"]
[EventDate "1971.10.26"]

1. e4 Nf6 2. e5 Nd5 3. c4 Nb6 4. c5 Nd5 5. Bc4 e6 6. d4 d6 7. cxd6 cxd6 8. Nf3
Nc6 9. Qe2 Be7 10. O-O O-O 11. exd6 Qxd6 12. Nc3 Nxc3 13. bxc3 b6 14. Bd3 Bb7
15. Qe4 g6 16. Bh6 Rfe8 17. Rfe1 Bf8 18. Qh4 Bxh6 19. Qxh6 Qf8 20. Qh4 Kg7 21.
Re3 Qe7 22. Qf4 Qf6 23. Qg3 Rac8 24. Be4 Ba8 25. Bxc6 Bxc6 26. Ne5 h5 27. Rae1
Red8 28. h4 Bd5 29. a4 Qe7 30. Qf4 Rc7 31. Rg3 Rdc8 32. Ree3 Qf6 33. Qxf6+ Kxf6
34. a5 bxa5 35. c4 Bxc4 36. Ra3 Bd5 37. Rxa5 Rb8 38. Raa3 Rb1+ 39. Kh2 Rb2 40.
f3 Rd2 41. Ra4 Rd1 42. Rg5 Kg7 43. Rg3 Rd2 44. Kh3 Rd1 45. Kh2 Rb7 46. f4 Rf1
47. Nf3 Kg8 48. Ra3 Rb2 49. Kh3 Rh1+ 50. Nh2 Be4 51. Rg5 Rd2 52. Re3 f6 53.
Rxe4 fxg5 54. fxg5 Rd3+ 55. g3 Rd2 0-1

[Event "X Torneo Internazionale"]
[Site "Venezia ITA"]
[Date "1971.10.??"]
[Round "9"]
[White "Gligoric, Svetozar"]
[Black "Radulov, Ivan G."]
[Result "1/2-1/2"]
[WhiteElo "2600"]
[BlackElo "2485"]
[PlyCount "96"]
[EventDate "1971.10.26"]

1. d4 Nf6 2. c4 e6 3. Nc3 d5 4. Nf3 Be7 5. Bg5 O-O 6. e3 b6 7. Rc1 Bb7 8. cxd5
exd5 9. Bd3 c5 10. O-O Nbd7 11. Bf5 Re8 12. Qc2 g6 13. Bh3 Ne4 14. Bxe7 Qxe7
15. Bxd7 Qxd7 16. dxc5 bxc5 17. Nxe4 dxe4 18. Rfd1 Qe6 19. Nd2 Qxa2 20. Nc4 Ba6
21. Nd6 Bd3 22. Qxc5 Red8 23. Qe5 Qe6 24. Qxe6 fxe6 25. Nb7 Rd5 26. Nc5 Rb8 27.
b3 Kf7 28. f3 Rb5 29. fxe4 Rdxc5 30. Rxc5 Rxc5 31. Rxd3 a5 32. Rd7+ Kf6 33.
Rxh7 Rb5 34. Ra7 Rxb3 35. Kf2 Ra3 36. h4 Ra1 37. g4 Rh1 38. g5+ Ke5 39. Rxa5+
Kxe4 40. Ra4+ Kd5 41. Kg2 Re1 42. h5 gxh5 43. g6 Rb1 44. Ra5+ Kd6 45. g7 Rb8
46. Ra7 Rg8 47. Kg3 Ke5 48. Rf7 Ke4 1/2-1/2

[Event "X Torneo Internazionale"]
[Site "Venezia ITA"]
[Date "1971.10.??"]
[Round "9"]
[White "Tatai, Stefano"]
[Black "Westerinen, Heikki M.J."]
[Result "1-0"]
[WhiteElo "2440"]
[BlackElo "2435"]
[PlyCount "105"]
[EventDate "1971.10.26"]

1. e4 e5 2. Nf3 Nc6 3. Be2 Bc5 4. O-O d6 5. c3 Qf6 6. d3 Nge7 7. b4 Bb6 8. a4
a6 9. Na3 O-O 10. Nc4 Ba7 11. b5 Nb8 12. b6 cxb6 13. Qb3 Nd7 14. Qb4 Nc6 15.
Qxd6 Qxd6 16. Nxd6 Nc5 17. Be3 Rd8 18. Nc4 Nxa4 19. Rxa4 b5 20. Nb6 Bxb6 21.
Bxb6 bxa4 22. Bxd8 Nxd8 23. Nxe5 b5 24. d4 Bb7 25. d5 Rc8 26. c4 f6 27. Nd7
bxc4 28. Nb6 Rc5 29. Bxc4 Ra5 30. Ra1 a3 31. Bf1 Kf8 32. Nc4 Rb5 33. Rxa3 Rb1
34. Nd6 Ke7 35. Nxb7 Nxb7 36. Rxa6 Nc5 37. Rc6 Nd3 38. Rc7+ Kd6 39. Rxg7 Ne5
40. f4 Nd3 41. Rf7 Nxf4 42. Rxf6+ Ke5 43. Rf7 h6 44. d6 Rd1 45. d7 Kxe4 46. g3
Nh3+ 47. Kg2 Ng5 48. Re7+ Kf5 49. Bb5 Rd2+ 50. Re2 Rd5 51. h4 Nf7 52. Rf2+ Kg6
53. Rxf7 1-0

[Event "X Torneo Internazionale"]
[Site "Venezia ITA"]
[Date "1971.10.??"]
[Round "9"]
[White "Zichichi, Alvise"]
[Black "Kavalek, Lubomir"]
[Result "1/2-1/2"]
[WhiteElo "2350"]
[BlackElo "2550"]
[PlyCount "100"]
[EventDate "1971.10.26"]

1. e4 c5 2. Nc3 Nc6 3. g3 g6 4. Bg2 Bg7 5. d3 d6 6. Be3 e6 7. Qd2 Bd7 8. Nge2
Nd4 9. Nc1 Ne7 10. Nd1 Ba4 11. b3 Bb5 12. c3 Ndc6 13. O-O O-O 14. Re1 a5 15.
Rb1 Ba6 16. Bh6 Bxh6 17. Qxh6 b5 18. Ne2 b4 19. c4 Ra7 20. Ne3 Bc8 21. Rbd1 Nd4
22. Nxd4 cxd4 23. Nc2 e5 24. Ra1 Nc6 25. f4 f6 26. Rf1 Rff7 27. Bh3 a4 28. Bxc8
Qxc8 29. f5 g5 30. h4 g4 31. Qd2 Rfb7 32. Rfb1 Qa8 33. Qe1 h5 34. a3 axb3 35.
Nxb4 Nxb4 36. axb4 Rxa1 37. Rxa1 Ra7 38. Ra5 b2 39. Qb1 Rxa5 40. bxa5 Qxa5 41.
Qxb2 Qe1+ 42. Kg2 Qd1 43. Qb8+ Kg7 44. Qb7+ Kh6 45. Qf7 Qf3+ 46. Kg1 Qxg3+ 47.
Kf1 Qxd3+ 48. Ke1 Qxe4+ 49. Kd1 Qf3+ 50. Kd2 Qf4+ 1/2-1/2

[Event "X Torneo Internazionale"]
[Site "Venezia ITA"]
[Date "1971.10.??"]
[Round "10"]
[White "Damjanovic, Mato"]
[Black "Mariotti, Sergio"]
[Result "0-1"]
[WhiteElo "2490"]
[BlackElo "2450"]
[PlyCount "132"]
[EventDate "1971.10.26"]

1. d4 Nf6 2. Nf3 d5 3. g3 g6 4. Bg2 Bg7 5. O-O O-O 6. c4 c6 7. Nc3 dxc4 8. e4
b5 9. Ne5 Bb7 10. a4 a6 11. f4 Ne8 12. Be3 Nd6 13. f5 b4 14. Ne2 c5 15. f6 exf6
16. dxc5 fxe5 17. cxd6 a5 18. Qd2 Nd7 19. Rad1 Qc8 20. Kh1 Qc6 21. Bg5 f6 22.
Be3 Nc5 23. Bxc5 Qxc5 24. g4 Rad8 25. Ng3 Qc6 26. g5 fxg5 27. Rxf8+ Bxf8 28.
Nf5 h6 29. Ne3 Rxd6 30. Nd5 Kg7 31. Rf1 Rd7 32. Qf2 Bc5 33. Qf3 g4 34. Qg3 Qe6
35. h3 Rxd5 36. exd5 Bxd5 37. hxg4 Be7 38. Rd1 Bxg2+ 39. Qxg2 e4 40. Rd4 e3 41.
Re4 Qf6 42. Rxe3 Bc5 43. Qb7+ Qf7 44. Qxf7+ Kxf7 45. Re4 c3 46. b3 Be7 47. Kg2
Bg5 48. Rc4 h5 49. gxh5 gxh5 50. Kf3 h4 51. Kg4 Bf6 52. Rc6 Ke7 53. Kh3 Bg5 54.
Rc5 Be3 55. Rc6 Kd7 56. Rc4 Bg5 57. Kg4 Bf6 58. Kf4 Kd6 59. Kg4 Kd5 60. Kh3 Bd4
61. Kxh4 Ke4 62. Kg4 Kd3 63. Kf3 c2 64. Rc7 Kd2 65. Rd7 c1=Q 66. Rxd4+ Kc3 0-1

[Event "X Torneo Internazionale"]
[Site "Venezia ITA"]
[Date "1971.10.??"]
[Round "10"]
[White "Radulov, Ivan G."]
[Black "Bobotsov, Milko Georgiev"]
[Result "1/2-1/2"]
[WhiteElo "2485"]
[BlackElo "2485"]
[PlyCount "38"]
[EventDate "1971.10.26"]

1. d4 d5 2. c4 c6 3. cxd5 cxd5 4. Nf3 Nf6 5. Nc3 Nc6 6. Bf4 Bf5 7. e3 e6 8. Bd3
Bxd3 9. Qxd3 Bd6 10. Bxd6 Qxd6 11. O-O O-O 12. Rfc1 Rfc8 13. a3 Na5 14. Nd2 Nc4
15. Nxc4 Rxc4 16. Ne2 Rac8 17. Rxc4 Rxc4 18. Rc1 Rxc1+ 19. Nxc1 Qc7 1/2-1/2

[Event "X Torneo Internazionale"]
[Site "Venezia ITA"]
[Date "1971.10.??"]
[Round "10"]
[White "Westerinen, Heikki M.J."]
[Black "Zichichi, Alvise"]
[Result "1-0"]
[WhiteElo "2435"]
[BlackElo "2350"]
[PlyCount "105"]
[EventDate "1971.10.26"]

1. e4 c5 2. Nf3 e6 3. b3 d6 4. Bb2 a6 5. g3 e5 6. Bg2 Nc6 7. O-O Bg4 8. h3 Bh5
9. Nc3 f6 10. Nd5 Nge7 11. g4 Bf7 12. Ne1 Nxd5 13. exd5 Ne7 14. c4 g5 15. b4 b6
16. Rb1 Bg6 17. d3 Bg7 18. Bc3 O-O 19. f3 Be8 20. Rf2 f5 21. bxc5 bxc5 22. Rb7
Ng6 23. Bf1 Bd7 24. Ng2 Bc8 25. Rbb2 Ra7 26. a4 Raf7 27. Qe1 Bh8 28. Qd1 Qe8
29. Qc1 h6 30. Rb6 Qd8 31. Rbb2 Bg7 32. Qe1 Nf4 33. Nxf4 gxf4 34. Rg2 Kh8 35.
a5 Bf6 36. Rb6 Rh7 37. Kh2 Rg8 38. Qe2 Rhg7 39. Kh1 h5 40. gxh5 Rg3 41. Rxg3
fxg3 42. Rc6 Kh7 43. f4 Re8 44. Qf3 e4 45. dxe4 fxe4 46. Qxg3 Rg8 47. Qe3 Bxc3
48. Qxc3 Qh4 49. Rc7+ Kh6 50. Rf7 Qxh5 51. Qf6+ Qg6 52. Qh4+ Qh5 53. Rh7+ 1-0

[Event "X Torneo Internazionale"]
[Site "Venezia ITA"]
[Date "1971.10.??"]
[Round "11"]
[White "Browne, Walter Shawn"]
[Black "Damjanovic, Mato"]
[Result "1-0"]
[WhiteElo "2500"]
[BlackElo "2490"]
[PlyCount "63"]
[EventDate "1971.10.26"]

1. e4 c5 2. Nf3 Nc6 3. d4 cxd4 4. Nxd4 Qc7 5. Nc3 e6 6. g3 a6 7. Bg2 Nf6 8. O-O
Be7 9. Re1 O-O 10. Nxc6 dxc6 11. e5 Rd8 12. Qe2 Nd5 13. Ne4 b5 14. Ng5 h6 15.
Nh3 Bb7 16. g4 c5 17. g5 hxg5 18. Nxg5 Bxg5 19. Bxg5 Ne7 20. Bxb7 Qxb7 21. Qh5
Rd5 22. Re3 f5 23. Rh3 Rd4 24. f3 Qd7 25. Qh8+ Kf7 26. Qxa8 Rd1+ 27. Kg2 Rxa1
28. Rh8 Kg6 29. h4 Rd1 30. Qf8 Rd4 31. Rh6+ gxh6 32. Qf6+ 1-0

[Event "X Torneo Internazionale"]
[Site "Venezia ITA"]
[Date "1971.10.??"]
[Round "11"]
[White "Gligoric, Svetozar"]
[Black "Westerinen, Heikki M.J."]
[Result "1-0"]
[WhiteElo "2600"]
[BlackElo "2435"]
[PlyCount "53"]
[EventDate "1971.10.26"]

1. d4 Nf6 2. c4 e5 3. dxe5 Ng4 4. Bf4 Nc6 5. Nf3 Bb4+ 6. Nc3 Qe7 7. Qd5 Bxc3+
8. bxc3 Qa3 9. Rc1 Qxa2 10. h3 Nh6 11. e4 Ng8 12. c5 Qa3 13. Bc4 Nd8 14. Be3
Ne7 15. Qd1 b6 16. O-O bxc5 17. Qd3 Qa5 18. Rb1 c6 19. Ra1 Qc7 20. Bxc5 Ne6 21.
Bd6 Qd8 22. Nd4 Ng6 23. Nxe6 dxe6 24. f4 f6 25. Qe3 a5 26. Qc5 Bd7 27. f5 1-0

[Event "X Torneo Internazionale"]
[Site "Venezia ITA"]
[Date "1971.10.??"]
[Round "11"]
[White "Mariotti, Sergio"]
[Black "Radulov, Ivan G."]
[Result "1-0"]
[WhiteElo "2450"]
[BlackElo "2485"]
[PlyCount "61"]
[EventDate "1971.10.26"]

1. d4 d5 2. c4 e6 3. Nc3 Nf6 4. cxd5 exd5 5. Bg5 Be7 6. e3 O-O 7. Bd3 Nbd7 8.
Nge2 b6 9. Ng3 g6 10. h4 h5 11. Qc2 Kg7 12. Nce2 Bb4+ 13. Kf1 Bd6 14. Nf4 Bxf4
15. exf4 c5 16. f5 c4 17. Be2 Qc7 18. Qd2 Rh8 19. Re1 Ba6 20. Bf4 Qc6 21. f3
Rae8 22. Kf2 Re7 23. Bd1 Rhe8 24. Rxe7 Rxe7 25. Bc2 Bc8 26. Re1 Rxe1 27. Qxe1
Nf8 28. Qe7 Qe8 29. Qxa7 Qb5 30. Qa3 Bxf5 31. Bh6+ 1-0